Bezpečnostné opatrenia na pracovisku

Po zhodnotení rizík je ďalším krokom zavedenie preventívnych a ochranných opatrení na pracovisku. Spôsoby odstránenia rizík. Jedine zamestnanec psychicky a fyzicky zdravý podá optimálny pracovný výkon, bez toho, aby ohrozil zdravie svoje alebo ostatných zamestnancov.

Gespeichert in:
Bibliographische Detailangaben
1. Verfasser: Bedlovičová, Danica
Format: Buchkapitel
Sprache:Slowakisch
Schlagworte:
Tags: Tag hinzufügen
Keine Tags, Fügen Sie das erste Tag hinzu!

MARC

LEADER 00000naa a2200000 4500
001 0160456
005 20231120125716.1
041 0 |a slo 
044 |a SK 
245 1 0 |a Bezpečnostné opatrenia na pracovisku  |c Danica Bedlovičová 
520 |a Po zhodnotení rizík je ďalším krokom zavedenie preventívnych a ochranných opatrení na pracovisku. Spôsoby odstránenia rizík. Jedine zamestnanec psychicky a fyzicky zdravý podá optimálny pracovný výkon, bez toho, aby ohrozil zdravie svoje alebo ostatných zamestnancov. 
610 2 0 |a pracovisko 
610 2 0 |a bezpečnosť práce 
610 2 0 |a rizikovosť práce 
610 2 0 |a ochrana zdravia 
610 2 0 |a zamestnanci 
100 1 |a Bedlovičová, Danica